| 000 | 00778nam a22002297a 4500 | ||
|---|---|---|---|
| 005 | 20130325122317.0 | ||
| 010 | _aENG-105040 | ||
| 020 |
_a9788181522610 _c725.00 |
||
| 035 | _aEN-88573 | ||
| 035 | _aB-491743-747 | ||
| 037 | _bDBAD/PUB | ||
| 037 | _bPrakashan Sansthan/Ven | ||
| 082 | _a791.4 | ||
| 100 | _aGaur, Sanjay | ||
| 245 |
_aRadio jockey and TV anchoring : _cby Sanjay Gaur _bcarrier opportunities / |
||
| 260 |
_aJaipur _bBook Enclave _c2009 |
||
| 270 |
_aJain Bhawan, Opp. N.E.I., Shanti Nagar _bJaipur _e302006 |
||
| 300 |
_avi,239p. _c22cm(Hb) |
||
| 500 | _aIncludes index | ||
| 942 |
_2ddc _cEN _mGAU _h791.4 |
||
| 999 |
_c65430 _d65430 |
||